First Names of NFL Players - Statistics

General Stats
  • This quiz has been taken 48 times
  • The average score is 24 of 30
Answer Stats
First Name Last Name % Correct
Aaron Rodgers
100%
Joe Burrow
100%
Patrick Mahomes
100%
Tom Brady
100%
Drew Brees
98%
Jerry Rice
98%
Joe Montana
96%
Josh Allen
96%
Randy Moss
93%
Lamar Jackson
91%
Ray Lewis
89%
Rob Gronkowski
89%
Dan Marino
87%
John Elway
87%
Joe Namath
83%
Ja'Marr Chase
80%
Justin Jefferson
80%
Terry Bradshaw
80%
Derrick Henry
78%
Johnny Unitas
78%
Saquon Barkley
78%
Troy Aikman
78%
Aaron Donald
76%
Myles Garrett
76%
Tony Gonzalez
74%
Dick Butkus
72%
Jim Brown
48%
Anthony Munoz
43%
Reggie White
39%
Rod Woodson
35%
No matching quizzes found
Score Distribution
Percent of People with Each Score
Percentile by Number Answered
Your Score History
You have not taken this quiz